| 000 | 00744nam a2200253Ia 4500 | ||
|---|---|---|---|
| 003 | OSt | ||
| 005 | 20221005035956.0 | ||
| 006 | a|||||r|||| 00| 0 | ||
| 007 | ta | ||
| 008 | 221004b |||||||| |||| 00| 0 eng d | ||
| 020 | _a8173043868 | ||
| 024 | _a47428 | ||
| 037 | _cTextual | ||
| 040 |
_aCRL _cCRL _beng |
||
| 041 |
_2eng _aeng |
||
| 082 | _aQ22.254, P0 | ||
| 245 | 0 |
_aJagannath revisited _b Studying society, religion and the State of Orissa edited by Hermann Kulke and Burkhard Schnepel. |
|
| 260 |
_aDelhi _bManohar India _c2001 |
||
| 300 |
_a411p. _ccm. |
||
| 490 | _aStudies in Orissan society, culture and history | ||
| 650 | _aRELIGION | ||
| 942 |
_hQ22.254, P0 _cTEXL _2cc |
||
| 999 |
_c946136 _d946136 |
||